Can you guess Seventeen's songs by english lyrics? - Statistics

General Stats
  • This quiz has been taken 1,109 times
  • The average score is 4 of 15
Answer Stats
Hint Answer % Correct
Yeah I gotta slam dunk Mansae
70%
I'm like a bird Highlight
67%
I know I'm only 17 Shining diamond
57%
Everyday you're all up in my head Boom boom
30%
Can you say,can you say Say yes
30%
They’re like ocean waves Still lonely
28%
And click,ka-ching,and take my money No F.U.N
23%
I want you to say my name OMG
20%
Baby’s called my happiness Simple
20%
My love, my love, my love When I Grow Up
16%
I know that it's so hard Lean on Me
15%
I can feel it, I can feel it Space
14%
But I got that something babe Hit song
13%
Stop fronting and tell me Q&A
12%
At the same time we just cannot let go Fast pace
11%
No matching quizzes found
Score Distribution
Percent of People with Each Score
Percentile by Number Answered
Your Score History
You have not taken this quiz